| 000 | 00458nam a2200145 i 4500 | ||
|---|---|---|---|
| 001 | 146148 | ||
| 003 | ES-MaACL | ||
| 005 | 20230906201430.0 | ||
| 007 | t| | ||
| 008 | 070904s1938 be ||||1| fre d | ||
| 245 | 0 | 0 |
_aTraite des femmes en Orient _b: travaux de la conference de Baudoeng. [Les activites de la Societe du Nations]. |
| 260 |
_aLiege : _b[s.n.], _c1938 ( _fImp. Naillaut-Carmaun) |
||
| 300 |
_a89 p. ; _c20 cm. |
||
| 852 |
_aES-MaACL _j1822-F-20 |
||
| 999 |
_c146148 _d146148 |
||